000 00947nam a22003017a 4500
001 BR0402835
003 BR-BrBNA
005 20230928101637.0
007 ta
008 230509b bl.||||| |||| 00| 0 por d
040 _aBR-BrBNA
_bpor
_cBiblioteca Nacional de Agricultura
041 _a(Por)
072 _aK10; U10
_b3140
090 _ 3140 BR0402835
100 1 _aFischer, F.
110 1 _aUniversidade Federal de Lavras, MG (Brasil)
_0Tese (Mestrado)
245 1 _aEficiência dos modelos polinomiais e das razões de volume na estimativa volumétrica dos sortimentos e do perfil do fuste de Pinus taeda
260 3 _aLavras, MG (Brasil):
_c1997.
300 _a167 p.
500 _aSummaries (Eng, Por); Several bibliography; 41 tables; 5 illus.
650 _aPINHEIRO
650 _aDENDROMETRIA
650 _aTORA
650 _aVOLUME
650 _aMODELO MATEMÁTICO
909 _a202309
_bLucia
_c55
_dLucia Elande
942 _cBK
999 _c66853
_d66853